|
|
|
|
| LEADER |
00000nac a2200000 a 4500 |
| 003 |
Ucuenca |
| 005 |
20230308230439.0 |
| 008 |
000000|1966 mx |||||r|||||||||||spa|| |
| 040 |
|
|
|b spa
|
| 041 |
0 |
|
|a es
|
| 082 |
0 |
|
|a 923
|
| 100 |
1 |
|
|a Sarmiento, Domingo Faustino
|9 11317
|
| 245 |
|
|
|a Facundo. Civilización y barbarie: vida de Juan Facundo Quiroga
|c Domingo Faustino Sarmiento
|h imp
|
| 264 |
|
|
|a México
|b Porrua
|c 1966
|
| 300 |
|
|
|a 169 páginas:
|c 21.5 cm
|
| 490 |
|
|
|a Sepan Cuantos
|n no. 49
|
| 650 |
|
0 |
|a Juan facundo quiroga
|9 232247
|
| 650 |
|
0 |
|a Biografía
|9 242
|
| 852 |
|
|
|a UC-CDJBV
|
| 942 |
|
|
|c CR
|2 ddc
|z bladimir.cabrerar@ucuenca.edu.ec
|
| 999 |
|
|
|c 156628
|d 156628
|